| 000 | 00442nam a22001697a 4500 | ||
|---|---|---|---|
| 005 | 20180606145353.0 | ||
| 008 | 160525b xxu||||| |||| 00| 0 eng d | ||
| 020 | _a81-7808-589-5 | ||
| 041 | _aeng | ||
| 082 |
_b4881 _a657 |
||
| 100 |
_aHorngren, Sundem and Staratton _91204 |
||
| 245 | _aIntroduction to Financial Accounting | ||
| 260 |
_aNew Delhi _bAcademic Faundation _c2004 |
||
| 300 | _a653 | ||
| 650 |
_aManagement _9241 |
||
| 942 | _cBK | ||
| 999 |
_c1699 _d1698 |
||